| 000 | 00557 a2200241 4500 | ||
|---|---|---|---|
| 260 | _aCotonou | ||
| 100 | _ada SILVA, Irmine | ||
| 700 | _aDJOSSINOU, Chismel | ||
| 260 | _bENEAM | ||
| 300 | _b56 p | ||
| 245 | _aDiagnostic financier d'une société étatique: cas de la SOBEMAP | ||
| 650 | _aCOMPTABILITE GESTION | ||
| 650 | _aGESTION FINANCIERE | ||
| 650 | _aDIAGNOSTIC FINANCIER | ||
| 650 | _aSOCIETE ETATIQUE | ||
| 650 | _aSOBEMAP | ||
| 260 | _c2007 | ||
| 130 | _lFr | ||
| 500 | _a1 ex | ||
| 040 | _aENEAM | ||
| 999 |
_c9731 _d9731 |
||